Risultati Serie A 2023-2024 - 2ª giornata - Statistics

Statistiche generali
  • Questo quiz è stato fatto 11 volte
  • Il punteggio medio è 5 su 10
Statistiche sulle risposte
Hint Risposta % Corretto
Cagliari-Inter 0-2
90%
Juventus-Bologna 1-1
90%
Frosinone-Atalanta 2-1
60%
Salernitana-Udinese 1-1
50%
Monza-Empoli 2-0
40%
Napoli-Sassuolo 2-0
40%
Milan-Torino 4-1
40%
Lazio-Genoa 0-1
30%
Verona-Roma 2-1
30%
Fiorentina-Lecce 2-2
30%
Nessun quiz corrispondente trovato
Distribuzione punteggi
Percentuale di utenti per punteggio
Percentile per numero di risposta
I tuoi punteggi nel tempo
Non hai fatto questo quiz